000 00309nam a22001457a 4500
003 SGT
082 _a370,BEL
100 _aBELCH,GEORGE.E
245 _aADVERSIING AND PROMOTION
250 _a9TH
260 _aDELHI
_bMC-GRAWHILL EDUCATION
_c2013
300 _a1016
650 _aADVERTISING
942 _2ddc
_cBK
999 _c8802
_d8802